La prueba del cielo : (Registro nro. 7005)

Detalles MARC
000 -LEADER
fixed length control field 01174nam a22002897a 4500
003 - CONTROL NUMBER IDENTIFIER
control field OSt
005 - DATE AND TIME OF LATEST TRANSACTION
control field 20201030134817.0
008 - FIXED-LENGTH DATA ELEMENTS--GENERAL INFORMATION
fixed length control field 201030s2013 ck ||||er|||| 001 0dspa d
020 ## - INTERNATIONAL STANDARD BOOK NUMBER
International Standard Book Number 9789584235695
040 ## - CATALOGING SOURCE
Original cataloging agency CO-JMCR
Transcribing agency CO-JMCR
041 1# - LANGUAGE CODE
Language code of text/sound track or separate title spa
Language code of original eng
082 04 - DEWEY DECIMAL CLASSIFICATION NUMBER
Classification number 926.168 /
Item number E158p
Edition number 23
100 1# - MAIN ENTRY--PERSONAL NAME
Personal name Alexander, Eben,
Relator term autor
9 (RLIN) 12298
245 13 - TITLE STATEMENT
Title La prueba del cielo :
Remainder of title el viaje de un neurocirujano a la vida después de la vida /
Statement of responsibility, etc. Eben Alexander ; [traducción, Manuel Mata Álvarez-Santullano]
260 ## - PUBLICATION, DISTRIBUTION, ETC.
Place of publication, distribution, etc. Bogotá :
Name of publisher, distributor, etc. Diana,
Date of publication, distribution, etc. 2013
300 ## - PHYSICAL DESCRIPTION
Extent 268 páginas ;
Dimensions 21 cm
490 0# - SERIES STATEMENT
Series statement Diana. Biblioteca
500 ## - GENERAL NOTE
General note Incluye índice onomástico y datos biográficos del autor.
500 ## - GENERAL NOTE
General note Título original: Proof of heaven
504 ## - BIBLIOGRAPHY, ETC. NOTE
Bibliography, etc. note Bibliografía: páginas 237-246
520 3# - SUMMARY, ETC.
Summary, etc. El 8 de noviembre de 2008 me desperté con un terrible dolor de cabeza que en apenas dos horas desembocó en un derrame cerebral
546 ## - LANGUAGE NOTE
Language note Traducido del inglés
600 14 - SUBJECT ADDED ENTRY--PERSONAL NAME
Personal name Alexander, Eben,|d
Dates associated with a name 1953-
Form subdivision relatos personales
9 (RLIN) 12299
650 14 - SUBJECT ADDED ENTRY--TOPICAL TERM
Topical term or geographic name entry element Neurólogos
Form subdivision biografías
9 (RLIN) 12300
700 1# - ADDED ENTRY--PERSONAL NAME
Personal name Mata Álvarez-Santullano, Manuel,
Relator term traductor
9 (RLIN) 12301
942 ## - ADDED ENTRY ELEMENTS (KOHA)
Source of classification or shelving scheme Dewey Decimal Classification
Koha item type Books
Existencias
Withdrawn status Lost status Source of classification or shelving scheme Damaged status Not for loan Collection code Home library Current library Date acquired Source of acquisition Total Checkouts Total Renewals Full call number Barcode Date last seen Date last checked out Copy number Price effective from Koha item type
    Dewey Decimal Classification     Non-fiction Biblioteca Pública José María del Castillo y Rada Biblioteca Pública José María del Castillo y Rada 10/02/2020 Donación 1 2 926.168 / E158p 201810287 05/16/2024 09/30/2022 Ej.1 10/30/2020 Books